00439 a2200145 4500003000400000005001700004008004100021020001800062040000900080082002100089100001400110245013500124260002000259300001400279OSt20250610114448.0250531b |||||||| |||| 00| 0 eng d a9788119847112 coclc a658.40954bJOY/I aJoy, Simy aIndian cases in organizational behaviour :bInsights for leading individuals and teams /cSimy Joy, Payal Anand, Priya Nair Rajeev bPearson,c2024. a127 pages